000 00814nam a2200229 a 4500
001 21432
003 CO-ViMGA
008 141112s2004 ck r 000 u spa d
020 _a9586393089
040 _aCO-ViMGA
_bspa
_cCO-ViMGA
082 0 4 _a070.43 B673u
100 1 _aBotero, Jorge Enrique
_930613
245 1 0 _aÚltimas noticias de la guerra
260 _aBogotá :
_bRandom House Mondadori,
_c2006
300 _a135
490 _aTestimonio
590 _aForma de adquisición : Donación fact. 8862 - - Precio : 18000 - - Proveedor : Fundación exito - - Fecha de adquisición : Mayo 2007
650 1 4 _aCONFLICTO ARMADO - COLOMBIA - CRONICAS PERIODISTICAS
_930614
650 1 4 _aSECUESTROS - CASOS - COLOMBIA
_930615
650 1 4 _aVIOLENCIA - COLOMBIA - CRONICAS PERIODISTICAS
_930616
942 _2ddc
_cBK
999 _c30042
_d30042